000 00618nam a2200169 ca4500
001 000030424
003 RuMoIPM
005 20260428105532.0
008 111010s1945----ur | c rus
040 _aRuMoIPM
_brus
_ercr
041 0 _arus
245 1 _aНаучное наследие П. Л. Чебышева
_b[Сборник статей]
_cАкад. наук СССР
260 _aМосква
_aЛенинград
_bИзд-во АН СССР
_c1945
500 _aВ надзаг.: Академия наук Союза ССР
600 1 _aЧебышев, Пафнутий Львович
_d1821-1894
942 _cBK
999 _c30424
_d30424